[Event "Mukachevo Rating - 33"]
[Site "Mukachevo"]
[Date "2017.03.27"]
[Round "1.1"]
[White "Kagramanianz, Vartan"]
[Black "Shkuran, Danylo"]
[Result "1/2-1/2"]
[WhiteElo "2292"]
[BlackElo "2452"]
[PlyCount "62"]
[EventDate "2017.03.27"]
[EventType "tourn"]
[EventRounds "9"]
[EventCountry "UKR"]

1. e4 c5 2. Nf3 d6 3. c3 Nf6 4. Bc4 e6 5. d3 Be7 6. O-O O-O 7. Bb3 b6 8. Qe2
Bb7 9. Nbd2 Nbd7 10. Re1 Qc7 11. Bc2 h6 12. h3 Rac8 13. a4 Rfe8 14. Nf1 Ne5 15.
Bf4 Bc6 16. Ne3 Ng6 17. Bh2 Nh5 18. Nd2 Nhf4 19. Qg4 d5 20. exd5 exd5 21. d4
Bd6 22. Bxg6 Nxg6 23. Bxd6 Qxd6 24. Nf5 Qf6 25. a5 Kh7 26. axb6 axb6 27. Ng3
Qf4 28. Rxe8 Rxe8 29. Nf3 Qxg4 30. hxg4 Ra8 31. Rxa8 Bxa8 1/2-1/2

[Event "Mukachevo Rating - 33"]
[Site "Mukachevo"]
[Date "2017.03.27"]
[Round "1.2"]
[White "Ganze, Laszlo"]
[Black "Sevostianov, Pavel"]
[Result "0-1"]
[WhiteElo "2020"]
[BlackElo "2248"]
[PlyCount "104"]
[EventDate "2017.03.27"]
[EventType "tourn"]
[EventRounds "9"]
[EventCountry "UKR"]

1. d4 Nf6 2. c4 g6 3. Nc3 Bg7 4. e4 O-O 5. Nf3 c6 6. Be2 d5 7. e5 Ne4 8. h3 Qa5
9. Qb3 dxc4 10. Bxc4 b5 11. Bd3 Be6 12. Qc2 Nxc3 13. bxc3 Nd7 14. O-O Nb6 15.
Bg5 Nd5 16. Rfc1 Qc7 17. Qd2 f6 18. Bh6 Nb6 19. Bxg7 Kxg7 20. Re1 Bd5 21. exf6+
exf6 22. Re3 Rae8 23. Rae1 Qf7 24. Nh2 Rxe3 25. Rxe3 Bxa2 26. Qe2 Nc8 27. Ng4
Bd5 28. Rg3 Ne7 29. Qd2 Ng8 30. h4 Kh8 31. Ne3 Ne7 32. h5 g5 33. Rh3 Be6 34. g4
Nd5 35. Nxd5 Bxd5 36. Bf5 Ra8 37. Re3 Re8 38. Qe2 Rxe3 39. Qxe3 Kg7 40. h6+ Kg8
41. Qg3 Qe8 42. Kh2 Qf8 43. Kg1 Qe8 44. Kh2 Qd8 45. Qe3 Bf7 46. Qe4 Qd6+ 47.
Kg1 a5 48. Bxh7+ Kh8 49. Bg6 Bxg6 50. Qxg6 Qf8 51. Qe4 Qd6 52. Qg6 Qe7 0-1

[Event "Mukachevo Rating - 33"]
[Site "Mukachevo"]
[Date "2017.03.27"]
[Round "1.3"]
[White "Tiba, Vladyslav"]
[Black "Boricsev, Oleg"]
[Result "1/2-1/2"]
[WhiteElo "2302"]
[BlackElo "2343"]
[PlyCount "31"]
[EventDate "2017.03.27"]
[EventType "tourn"]
[EventRounds "9"]
[EventCountry "UKR"]

1. d4 d5 2. Nf3 Nf6 3. c4 c6 4. cxd5 cxd5 5. Nc3 Nc6 6. Bf4 Bf5 7. e3 e6 8. Bd3
Bxd3 9. Qxd3 Bd6 10. Bxd6 Qxd6 11. O-O O-O 12. Rfc1 Rfc8 13. Ne2 Ne7 14. Rxc8+
Rxc8 15. Rc1 Rxc1+ 16. Nxc1 1/2-1/2

[Event "Mukachevo Rating - 33"]
[Site "Mukachevo"]
[Date "2017.03.27"]
[Round "1.4"]
[White "Oros, Robert"]
[Black "Vachylya, Andriy"]
[Result "1/2-1/2"]
[WhiteElo "2230"]
[BlackElo "2231"]
[PlyCount "48"]
[EventDate "2017.03.27"]
[EventType "tourn"]
[EventRounds "9"]
[EventCountry "UKR"]

1. d4 Nf6 2. c4 g6 3. Nc3 Bg7 4. e4 d6 5. f3 O-O 6. Be3 c5 7. Nge2 Nc6 8. d5
Ne5 9. Ng3 e6 10. Be2 exd5 11. cxd5 a6 12. a4 Bd7 13. f4 Neg4 14. Bd2 Nh6 15.
h3 Ne8 16. O-O f5 17. e5 dxe5 18. fxe5 Bxe5 19. Bxh6 Qh4 20. Nh5 gxh5 21. Bxf8
Qg3 22. Bxh5 Bd4+ 23. Kh1 Be5 24. Kg1 Bd4+ 1/2-1/2

[Event "Mukachevo Rating - 33"]
[Site "Mukachevo"]
[Date "2017.03.27"]
[Round "1.5"]
[White "Matviishen, Viktor"]
[Black "Skliarov, Viktor"]
[Result "1/2-1/2"]
[WhiteElo "2405"]
[BlackElo "2379"]
[PlyCount "22"]
[EventDate "2017.03.27"]
[EventType "tourn"]
[EventRounds "9"]
[EventCountry "UKR"]

1. d4 Nf6 2. c4 e6 3. Nf3 b6 4. g3 Bb7 5. Bg2 Be7 6. O-O O-O 7. Nc3 Ne4 8. Qc2
Nxc3 9. Qxc3 Bf6 10. Rd1 d6 11. b3 Nd7 1/2-1/2

[Event "Mukachevo Rating - 33"]
[Site "Mukachevo"]
[Date "2017.03.28"]
[Round "2.1"]
[White "Shkuran, Danylo"]
[Black "Skliarov, Viktor"]
[Result "1/2-1/2"]
[WhiteElo "2452"]
[BlackElo "2379"]
[PlyCount "148"]
[EventDate "2017.03.27"]
[EventType "tourn"]
[EventRounds "9"]
[EventCountry "UKR"]

1. Nf3 d5 2. g3 Nc6 3. d4 Bf5 4. Bg2 Qd7 5. O-O Bh3 6. c4 Bxg2 7. Kxg2 e6 8.
Nc3 Nf6 9. Ne5 Nxe5 10. dxe5 d4 11. Nb5 Qc6+ 12. f3 Qxc4 13. Nxc7+ Qxc7 14.
exf6 Qd7 15. Qb3 gxf6 16. Rd1 Rd8 17. e3 d3 18. e4 Bg7 19. Be3 O-O 20. Rd2 f5
21. exf5 exf5 22. Rad1 Qe6 23. Bxa7 Ra8 24. Bc5 Rfe8 25. Qxe6 fxe6 26. b4 e5
27. Rxd3 Rxa2+ 28. R1d2 Rxd2+ 29. Rxd2 Bf8 30. Rd7 Bxc5 31. bxc5 Rc8 32. Rd5
Re8 33. f4 exf4 34. gxf4 Rf8 35. Kg3 Rf6 36. Kh4 b6 37. Kg5 Rg6+ 38. Kxf5 bxc5
39. Rxc5 Rh6 40. Rc2 Kf7 41. Ra2 Rf6+ 42. Kg4 Rg6+ 43. Kh5 Rf6 44. Ra7+ Kg8 45.
Ra4 Kg7 46. h4 Rg6 47. Ra7+ Kg8 48. f5 Rb6 49. Re7 Rb5 50. Kg5 Rb6 51. Re6 Rb7
52. h5 Rg7+ 53. Kf6 Rf7+ 54. Kg5 Rg7+ 55. Kh6 Rg1 56. Re7 Rf1 57. Kg5 Ra1 58.
h6 Rh1 59. Rg7+ Kh8 60. Rd7 Kg8 61. Rg7+ Kh8 62. Kf6 Ra1 63. Rd7 Ra8 64. Ke7
Kg8 65. f6 Rf8 66. Rd1 Rf7+ 67. Ke6 Rf8 68. Rd6 Ra8 69. Ke7 Ra7+ 70. Ke6 Ra8
71. Rd1 Ra6+ 72. Ke5 Ra5+ 73. Rd5 Rxd5+ 74. Kxd5 Kf7 1/2-1/2

[Event "Mukachevo Rating - 33"]
[Site "Mukachevo"]
[Date "2017.03.28"]
[Round "2.2"]
[White "Vachylya, Andriy"]
[Black "Matviishen, Viktor"]
[Result "0-1"]
[WhiteElo "2231"]
[BlackElo "2405"]
[PlyCount "158"]
[EventDate "2017.03.27"]
[EventType "tourn"]
[EventRounds "9"]
[EventCountry "UKR"]

1. e4 e5 2. Nf3 Nc6 3. Bb5 a6 4. Ba4 Nf6 5. O-O Be7 6. Re1 b5 7. Bb3 d6 8. c3
O-O 9. h3 Na5 10. Bc2 c5 11. d4 Qc7 12. d5 Nd7 13. Nbd2 Nb6 14. b3 c4 15. b4
Nb7 16. a4 bxa4 17. Bxa4 Nxa4 18. Qxa4 Bd7 19. Qa2 Rfc8 20. Ba3 f5 21. Qc2 f4
22. Kh2 g5 23. Rg1 Rf8 24. g3 fxg3+ 25. Rxg3 h6 26. Rag1 Rf4 27. Bc1 Raf8 28.
Qd1 Be8 29. h4 Bg6 30. hxg5 h5 31. Rh3 Qc8 32. Rgg3 Qe8 33. Qe2 Qf7 34. Qxc4 h4
35. Nxh4 Rxh4 36. Rxh4 Qxf2+ 37. Kh3 Qe1 38. Nf3 Qxc1 39. Nh2 Qh1 40. Qe2 Rf4
41. Rxf4 exf4 42. Rg2 Qc1 43. Qf3 Nd8 44. Kg4 Nf7 45. Qxf4 Ne5+ 46. Kg3 Qe1+
47. Kh3 Bxe4 48. Rg3 Ng6 49. Qf1 Qd2 50. Ng4 Qxg5 51. Kh2 Qh5+ 52. Qh3 Qxh3+
53. Kxh3 Bxd5 54. Ne3 Be6+ 55. Kg2 Kf7 56. c4 Ne5 57. Nd5 Nxc4 58. Rf3+ Ke8 59.
Nc7+ Kd7 60. Nxe6 Kxe6 61. Rf2 Ne3+ 62. Kf3 Nd5 63. Rb2 Nc7 64. Ke4 d5+ 65. Kd3
Kd7 66. Kc2 Kc6 67. Kb3 Nb5 68. Rh2 Bd6 69. Rh6 Nd4+ 70. Kc3 Nb5+ 71. Kb3 Nc7
72. Rg6 Na8 73. Ka4 d4 74. Kb3 Kd5 75. Rg5+ Be5 76. Rg8 Nc7 77. Rd8+ Ke4 78.
Kc2 Nd5 79. Kb3 Ne3 0-1

[Event "Mukachevo Rating - 33"]
[Site "Mukachevo"]
[Date "2017.03.28"]
[Round "2.3"]
[White "Boricsev, Oleg"]
[Black "Oros, Robert"]
[Result "1/2-1/2"]
[WhiteElo "2343"]
[BlackElo "2230"]
[PlyCount "30"]
[EventDate "2017.03.27"]
[EventType "tourn"]
[EventRounds "9"]
[EventCountry "UKR"]

1. e4 e5 2. Nf3 Nc6 3. d4 exd4 4. Nxd4 Bb4+ 5. c3 Ba5 6. Bc4 Nge7 7. Bg5 O-O 8.
O-O d6 9. Qh5 Nxd4 10. cxd4 Bb6 11. Qh4 Re8 12. Nc3 Qd7 13. Rad1 Ng6 14. Qg3
Qg4 15. Qxg4 Bxg4 1/2-1/2

[Event "Mukachevo Rating - 33"]
[Site "Mukachevo"]
[Date "2017.03.28"]
[Round "2.4"]
[White "Sevostianov, Pavel"]
[Black "Tiba, Vladyslav"]
[Result "0-1"]
[WhiteElo "2248"]
[BlackElo "2302"]
[PlyCount "80"]
[EventDate "2017.03.27"]
[EventType "tourn"]
[EventRounds "9"]
[EventCountry "UKR"]

1. Nf3 Nf6 2. g3 g6 3. b3 Bg7 4. Bb2 O-O 5. Bg2 d6 6. d4 Nbd7 7. O-O c6 8. Nbd2
b5 9. Ne1 Bb7 10. Nd3 Re8 11. c4 Qb6 12. Qc2 Rac8 13. Rac1 c5 14. d5 e6 15.
dxe6 fxe6 16. Bxb7 Qxb7 17. cxb5 d5 18. Bxf6 Bxf6 19. a4 a6 20. bxa6 Qxa6 21.
Qa2 e5 22. Rc2 Bg5 23. Nf3 Bh6 24. Nh4 e4 25. Ne1 Rb8 26. f3 Qb6 27. a5 Qa7 28.
Kh1 Rb5 29. b4 cxb4 30. Qb3 Qe3 31. Qa4 Reb8 32. Rc8+ Nf8 33. Rxb8 Rxb8 34.
Neg2 Qxe2 35. Re1 Qb5 36. Qb3 Qc4 37. Qd1 b3 38. fxe4 b2 39. Qb1 dxe4 40. Rxe4
Qxe4 0-1

[Event "Mukachevo Rating - 33"]
[Site "Mukachevo"]
[Date "2017.03.28"]
[Round "2.5"]
[White "Kagramanianz, Vartan"]
[Black "Ganze, Laszlo"]
[Result "1/2-1/2"]
[WhiteElo "2292"]
[BlackElo "2020"]
[PlyCount "60"]
[EventDate "2017.03.27"]
[EventType "tourn"]
[EventRounds "9"]
[EventCountry "UKR"]

1. e4 e5 2. Nf3 Nf6 3. Nxe5 d6 4. Nf3 Nxe4 5. Qe2 Qe7 6. d3 Nf6 7. Bg5 Qxe2+ 8.
Bxe2 Be7 9. O-O O-O 10. Re1 Nd5 11. Bxe7 Nxe7 12. Nc3 c6 13. Bf1 Ng6 14. h3 Na6
15. a3 d5 16. Ne5 Nxe5 17. Rxe5 Be6 18. Rae1 Rae8 19. d4 Bd7 20. Rxe8 Rxe8 21.
Rxe8+ Bxe8 22. Bd3 Bd7 23. Ne2 Nc7 24. Nf4 Ne6 25. Nxe6 Bxe6 26. c3 h6 27. h4
h5 28. Kf1 g6 29. g3 Kg7 30. Ke2 Kf6 1/2-1/2

[Event "Mukachevo Rating - 33"]
[Site "Mukachevo"]
[Date "2017.03.28"]
[Round "3.1"]
[White "Ganze, Laszlo"]
[Black "Shkuran, Danylo"]
[Result "0-1"]
[WhiteElo "2020"]
[BlackElo "2452"]
[PlyCount "52"]
[EventDate "2017.03.27"]
[EventType "tourn"]
[EventRounds "9"]
[EventCountry "UKR"]

1. d4 Nf6 2. c4 g6 3. Nc3 Bg7 4. e4 d6 5. Be2 O-O 6. Nf3 Nbd7 7. O-O e5 8. h3
exd4 9. Nxd4 Re8 10. f3 Nh5 11. Kh2 Qh4 12. f4 Ng3 13. Rf3 Nxe4 14. g3 Qd8 15.
Nxe4 Rxe4 16. Nb5 Qe7 17. Rf2 Nb6 18. Bd3 Re1 19. Qf3 Bd7 20. Re2 Rxe2+ 21.
Qxe2 Qxe2+ 22. Bxe2 Re8 23. Bf3 Nxc4 24. Nxc7 Re1 25. Bxb7 Nxb2 26. Bxb2 Re2+
0-1

[Event "Mukachevo Rating - 33"]
[Site "Mukachevo"]
[Date "2017.03.28"]
[Round "3.2"]
[White "Tiba, Vladyslav"]
[Black "Kagramanianz, Vartan"]
[Result "1-0"]
[WhiteElo "2302"]
[BlackElo "2292"]
[PlyCount "53"]
[EventDate "2017.03.27"]
[EventType "tourn"]
[EventRounds "9"]
[EventCountry "UKR"]

1. e4 e6 2. d4 d5 3. e5 c5 4. c3 Qb6 5. Nf3 Nc6 6. a3 Nh6 7. b4 cxd4 8. cxd4
Nf5 9. Be3 Be7 10. Bd3 Qd8 11. O-O g5 12. Nc3 h5 13. Bxf5 exf5 14. b5 Na5 15.
Bxg5 Bxg5 16. Nxg5 Qxg5 17. Nxd5 Qd8 18. Nf6+ Kf8 19. d5 b6 20. Re1 Nb7 21. Qd4
Rh6 22. Qh4 Kg7 23. Rac1 Rxf6 24. exf6+ Qxf6 25. Qxf6+ Kxf6 26. Rc6+ Kg7 27.
Re8 1-0

[Event "Mukachevo Rating - 33"]
[Site "Mukachevo"]
[Date "2017.03.28"]
[Round "3.3"]
[White "Oros, Robert"]
[Black "Sevostianov, Pavel"]
[Result "1-0"]
[WhiteElo "2230"]
[BlackElo "2248"]
[PlyCount "67"]
[EventDate "2017.03.27"]
[EventType "tourn"]
[EventRounds "9"]
[EventCountry "UKR"]

1. e4 c5 2. Nf3 d6 3. Bb5+ Nc6 4. O-O Nf6 5. Bxc6+ bxc6 6. e5 Nd5 7. h3 h6 8.
Re1 g5 9. exd6 Qxd6 10. Nc3 Nxc3 11. bxc3 g4 12. hxg4 Bxg4 13. d4 Rg8 14. Qd3
c4 15. Qh7 Rg7 16. Qe4 Bh3 17. Nh4 Rg4 18. Qf3 Rxh4 19. gxh3 Rb8 20. a4 Rb7 21.
Ba3 Qd7 22. Kh2 e6 23. Qg3 Qc7 24. Bxf8 Kxf8 25. Re5 f6 26. Rg1 fxe5 27. Qg8+
Ke7 28. Qg7+ Ke8 29. Qh8+ Ke7 30. Rg7+ Kd6 31. Rxc7 Kxc7 32. Qxe5+ Kb6 33. Kg3
Rh5 34. Qxh5 1-0

[Event "Mukachevo Rating - 33"]
[Site "Mukachevo"]
[Date "2017.03.28"]
[Round "3.4"]
[White "Matviishen, Viktor"]
[Black "Boricsev, Oleg"]
[Result "1/2-1/2"]
[WhiteElo "2405"]
[BlackElo "2343"]
[PlyCount "62"]
[EventDate "2017.03.27"]
[EventType "tourn"]
[EventRounds "9"]
[EventCountry "UKR"]

1. d4 d5 2. c4 e6 3. Nc3 c5 4. cxd5 exd5 5. Nf3 Nc6 6. g3 Nf6 7. Bg2 Be7 8. O-O
O-O 9. Bg5 Bf5 10. dxc5 d4 11. Na4 Be4 12. Ne1 Bxg2 13. Nxg2 Nd5 14. Bxe7 Qxe7
15. Re1 Rad8 16. Nh4 f5 17. Nf3 f4 18. Qb3 Kh8 19. Rad1 Qf6 20. Rf1 fxg3 21.
hxg3 Ndb4 22. Nh4 d3 23. e3 g5 24. Ng2 Nd5 25. Nc3 Nxc3 26. Qxc3 Qxc3 27. bxc3
Rf5 28. Ne1 Rxc5 29. Rxd3 Rxd3 30. Nxd3 Rxc3 31. Rd1 Rc2 1/2-1/2

[Event "Mukachevo Rating - 33"]
[Site "Mukachevo"]
[Date "2017.03.28"]
[Round "3.5"]
[White "Skliarov, Viktor"]
[Black "Vachylya, Andriy"]
[Result "1-0"]
[WhiteElo "2379"]
[BlackElo "2231"]
[PlyCount "63"]
[EventDate "2017.03.27"]
[EventType "tourn"]
[EventRounds "9"]
[EventCountry "UKR"]

1. e4 c5 2. Nf3 d6 3. d4 cxd4 4. Qxd4 Nc6 5. Bb5 Bd7 6. Bxc6 Bxc6 7. Nc3 h6 8.
O-O e5 9. Qc4 Nf6 10. Rd1 Qc8 11. b3 a6 12. Ba3 b5 13. Qd3 b4 14. Bxb4 Qb7 15.
Ba5 Nxe4 16. Nd5 Bxd5 17. Qxd5 Qxd5 18. Rxd5 Ke7 19. Re1 Ke6 20. c4 f5 21. Nd4+
Kf6 22. f3 Nc5 23. Nc6 Nb7 24. Bc3 Kg5 25. g3 Rg8 26. f4+ exf4 27. gxf4+ Kxf4
28. Nd4 g5 29. Nxf5 Kg4 30. Ng3 Kh4 31. Re4+ Kh3 32. b4 1-0

[Event "Mukachevo Rating - 33"]
[Site "Mukachevo"]
[Date "2017.03.29"]
[Round "4.1"]
[White "Shkuran, Danylo"]
[Black "Vachylya, Andriy"]
[Result "1-0"]
[WhiteElo "2452"]
[BlackElo "2231"]
[PlyCount "75"]
[EventDate "2017.03.27"]
[EventType "tourn"]
[EventRounds "9"]
[EventCountry "UKR"]

1. e4 c5 2. Nf3 d6 3. d4 cxd4 4. Nxd4 Nf6 5. Nc3 a6 6. g3 Bg4 7. f3 Bd7 8. Be3
Nc6 9. Qd2 e6 10. g4 h6 11. O-O-O b5 12. a3 Qc7 13. Ndxb5 axb5 14. Nxb5 Qb8 15.
Nxd6+ Bxd6 16. Qxd6 Qxd6 17. Rxd6 Ne5 18. Be2 Rc8 19. b3 Rc6 20. Rd2 Ke7 21.
Rhd1 Ra8 22. Bd4 Nexg4 23. fxg4 Nxe4 24. Rd3 Be8 25. Kb2 f5 26. Bf3 Kf8 27. Rg1
Bg6 28. gxf5 exf5 29. Bxe4 fxe4 30. Rdg3 Kf7 31. c3 Re6 32. b4 Rae8 33. b5 e3
34. Bxe3 Rxe3 35. Rxg6 Re2+ 36. Kb3 Rxh2 37. Rxg7+ Kf6 38. R7g2 1-0

[Event "Mukachevo Rating - 33"]
[Site "Mukachevo"]
[Date "2017.03.29"]
[Round "4.2"]
[White "Boricsev, Oleg"]
[Black "Skliarov, Viktor"]
[Result "1/2-1/2"]
[WhiteElo "2343"]
[BlackElo "2379"]
[PlyCount "60"]
[EventDate "2017.03.27"]
[EventType "tourn"]
[EventRounds "9"]
[EventCountry "UKR"]

1. e4 c5 2. c3 d6 3. d4 Nf6 4. Bd3 g6 5. Ne2 Bg7 6. O-O O-O 7. f3 Nc6 8. Be3
cxd4 9. cxd4 Nb4 10. Nbc3 Nxd3 11. Qxd3 d5 12. e5 Ne8 13. Qd2 b6 14. Bh6 Ba6
15. Rf2 Rc8 16. Bxg7 Nxg7 17. Nf4 e6 18. Re1 Rc4 19. Nfe2 f6 20. f4 fxe5 21.
fxe5 Rxf2 22. Kxf2 Qh4+ 23. Kg1 Nf5 24. Rd1 g5 25. b3 Rc7 26. Rf1 Bxe2 27. Nxe2
h6 28. Qd3 Kg7 29. h3 Rf7 30. g4 Ne7 1/2-1/2

[Event "Mukachevo Rating - 33"]
[Site "Mukachevo"]
[Date "2017.03.29"]
[Round "4.3"]
[White "Sevostianov, Pavel"]
[Black "Matviishen, Viktor"]
[Result "0-1"]
[WhiteElo "2248"]
[BlackElo "2405"]
[PlyCount "126"]
[EventDate "2017.03.27"]
[EventType "tourn"]
[EventRounds "9"]
[EventCountry "UKR"]

1. e4 c5 2. Nf3 e6 3. c3 Nf6 4. e5 Nd5 5. g3 d6 6. Bg2 dxe5 7. Nxe5 Nd7 8. d4
cxd4 9. Nxd7 Bxd7 10. Qxd4 Bc6 11. O-O Ne7 12. Bxc6+ Nxc6 13. Qg4 Qd3 14. Nd2
O-O-O 15. Re1 f5 16. Qc4 e5 17. a4 e4 18. Qe6+ Qd7 19. Qxd7+ Rxd7 20. Nc4 Be7
21. Be3 Bf6 22. Red1 Rhd8 23. Rxd7 Rxd7 24. Kf1 g6 25. Ke2 h5 26. a5 Bd8 27. b4
a6 28. h4 Rd3 29. Rc1 Bf6 30. Nb6+ Kd8 31. Na4 Ke7 32. Bd2 Rd5 33. Nb6 Rd8 34.
Be3 Kf7 35. Bf4 Rd3 36. Na4 Bg7 37. Bd2 Rd5 38. Nc5 Nxa5 39. c4 Rxd2+ 40. Kxd2
Bh6+ 41. Ke2 Bxc1 42. bxa5 Ba3 43. Nxb7 Ke7 44. Ke3 Bb4 45. Kd4 Be1 46. Ke3 Bc3
47. Nc5 Bxa5 48. Nxa6 Kd6 49. Kd4 Kc6 50. Nb8+ Kc7 51. Na6+ Kd6 52. Ke3 Bc3 53.
Nb8 Bb4 54. Na6 Ba3 55. Kd4 Kc6 56. Nb8+ Kc7 57. Na6+ Kb6 58. Nb8 Bc5+ 59. Kd5
Bxf2 60. Nd7+ Kc7 61. Ne5 Bxg3 62. Nxg6 e3 63. Ne7 e2 0-1

[Event "Mukachevo Rating - 33"]
[Site "Mukachevo"]
[Date "2017.03.29"]
[Round "4.4"]
[White "Kagramanianz, Vartan"]
[Black "Oros, Robert"]
[Result "1/2-1/2"]
[WhiteElo "2292"]
[BlackElo "2230"]
[PlyCount "32"]
[EventDate "2017.03.27"]
[EventType "tourn"]
[EventRounds "9"]
[EventCountry "UKR"]

1. e4 e5 2. Nf3 Nc6 3. d4 exd4 4. Nxd4 Bc5 5. Be3 Qf6 6. c3 Nge7 7. Nc2 Bxe3 8.
Nxe3 Qe5 9. Bd3 d5 10. Nd2 dxe4 11. Bxe4 O-O 12. Bxc6 Nxc6 13. Nf3 Qe7 14. O-O
Be6 15. Qa4 Rad8 16. Rfe1 a6 1/2-1/2

[Event "Mukachevo Rating - 33"]
[Site "Mukachevo"]
[Date "2017.03.29"]
[Round "4.5"]
[White "Ganze, Laszlo"]
[Black "Tiba, Vladyslav"]
[Result "0-1"]
[WhiteElo "2020"]
[BlackElo "2302"]
[PlyCount "78"]
[EventDate "2017.03.27"]
[EventType "tourn"]
[EventRounds "9"]
[EventCountry "UKR"]

1. d4 Nf6 2. c4 g6 3. Nc3 Bg7 4. e4 d6 5. Nf3 O-O 6. Be2 Nbd7 7. O-O e5 8. d5
Nc5 9. Qc2 a5 10. Be3 b6 11. Nd2 Ng4 12. Bxg4 Bxg4 13. f3 Bd7 14. b3 f5 15. a3
f4 16. Bf2 Na6 17. Rfc1 g5 18. Ne2 Qe8 19. Kh1 Rf6 20. Qc3 Qh5 21. Bg1 g4 22.
fxg4 Bxg4 23. Nf3 Rh6 24. Rf1 Nc5 25. Qc2 Nxe4 26. Qxe4 Bf5 27. Ng3 fxg3 28.
Qe3 Rf8 29. Rae1 Rg6 30. Nd2 Bh6 31. Qe2 Qxe2 32. Rxe2 Bd3 33. Rxf8+ Kxf8 34.
Re1 Bxd2 35. Rd1 gxh2 36. Bxh2 Bc2 37. Rxd2 Bxb3 38. c5 bxc5 39. Rd3 a4 0-1

[Event "Mukachevo Rating - 33"]
[Site "Mukachevo"]
[Date "2017.03.29"]
[Round "5.1"]
[White "Tiba, Vladyslav"]
[Black "Shkuran, Danylo"]
[Result "1/2-1/2"]
[WhiteElo "2302"]
[BlackElo "2452"]
[PlyCount "21"]
[EventDate "2017.03.27"]
[EventType "tourn"]
[EventRounds "9"]
[EventCountry "UKR"]

1. e4 c5 2. Nf3 e6 3. d4 cxd4 4. Nxd4 a6 5. Nc3 Qc7 6. Be2 b5 7. O-O Bb7 8. Re1
Nc6 9. Nxc6 dxc6 10. e5 Bb4 11. Bd3 1/2-1/2

[Event "Mukachevo Rating - 33"]
[Site "Mukachevo"]
[Date "2017.03.29"]
[Round "5.2"]
[White "Oros, Robert"]
[Black "Ganze, Laszlo"]
[Result "1-0"]
[WhiteElo "2230"]
[BlackElo "2020"]
[PlyCount "84"]
[EventDate "2017.03.27"]
[EventType "tourn"]
[EventRounds "9"]
[EventCountry "UKR"]

1. e4 c5 2. Nf3 d6 3. Bb5+ Bd7 4. Bxd7+ Qxd7 5. O-O Nc6 6. c3 Nf6 7. d4 e5 8.
d5 Ne7 9. Qe2 g6 10. c4 Bg7 11. Nc3 O-O 12. Rb1 Kh8 13. b4 b6 14. Ne1 Nh5 15.
Nd3 f5 16. bxc5 bxc5 17. f3 f4 18. Qb2 Qd8 19. Qa3 Nc8 20. Qa6 Nb6 21. Na4 Nxa4
22. Qxa4 Qc7 23. Bd2 Rfb8 24. Rb3 Rxb3 25. axb3 Nf6 26. Ra1 Nd7 27. Qa6 Qb6 28.
Qa4 Nf8 29. Ba5 Qb7 30. b4 cxb4 31. Bxb4 Qb6+ 32. c5 dxc5 33. Bxc5 Qb7 34. Qc6
Qxc6 35. dxc6 Ne6 36. Rxa7 Rxa7 37. Bxa7 Bf6 38. Bb8 Bd8 39. Bxe5+ Kg8 40. Nxf4
Nc7 41. Bxc7 Bxc7 42. Nd5 Bxh2+ 1-0

[Event "Mukachevo Rating - 33"]
[Site "Mukachevo"]
[Date "2017.03.29"]
[Round "5.3"]
[White "Matviishen, Viktor"]
[Black "Kagramanianz, Vartan"]
[Result "1/2-1/2"]
[WhiteElo "2405"]
[BlackElo "2292"]
[PlyCount "118"]
[EventDate "2017.03.27"]
[EventType "tourn"]
[EventRounds "9"]
[EventCountry "UKR"]

1. d4 d5 2. c4 c6 3. Nf3 Nf6 4. e3 e6 5. Nc3 Nbd7 6. Qc2 Bb4 7. a3 Ba5 8. b4
Bc7 9. Bb2 O-O 10. Rc1 Qe7 11. b5 e5 12. cxd5 cxd5 13. Na4 Ba5+ 14. Bc3 Bxc3+
15. Qxc3 e4 16. Nd2 Re8 17. Qb4 Nf8 18. Be2 Qxb4 19. axb4 b6 20. O-O Bd7 21.
Rc3 Rec8 22. Rfc1 Rxc3 23. Rxc3 Ne6 24. f3 exf3 25. gxf3 Rc8 26. Kf2 Ne8 27.
Rxc8 Bxc8 28. Nc3 Bb7 29. Nb3 Nd6 30. Nc5 Ba8 31. Na6 Bb7 32. Nc5 Ba8 33. Nxe6
fxe6 34. Bd3 g6 35. e4 Kf7 36. Ke3 Ke7 37. Ne2 Bb7 38. Nf4 dxe4 39. fxe4 Ne8
40. h4 Nc7 41. Bc4 Bc8 42. Ne2 a6 43. bxa6 Bxa6 44. Bxa6 Nxa6 45. b5 Nc7 46.
Nc3 h6 47. Kf4 Kf6 48. Kg4 Ke7 49. Kf3 Kf6 50. Kf4 e5+ 51. dxe5+ Ke6 52. Na4
Nxb5 53. Nxb6 g5+ 54. hxg5 hxg5+ 55. Kxg5 Kxe5 56. Nc4+ Kxe4 57. Nd6+ Kd5 58.
Nxb5 Ke5 59. Nc3 Kd4 1/2-1/2

[Event "Mukachevo Rating - 33"]
[Site "Mukachevo"]
[Date "2017.03.29"]
[Round "5.4"]
[White "Skliarov, Viktor"]
[Black "Sevostianov, Pavel"]
[Result "1-0"]
[WhiteElo "2379"]
[BlackElo "2248"]
[PlyCount "131"]
[EventDate "2017.03.27"]
[EventType "tourn"]
[EventRounds "9"]
[EventCountry "UKR"]

1. e4 e6 2. d4 d5 3. e5 c5 4. c3 Nc6 5. Nf3 Bd7 6. a3 c4 7. Nbd2 Na5 8. g3 Bc6
9. Bh3 Qd7 10. Nf1 Ba4 11. Qe2 Nb3 12. Rb1 Nxc1 13. Rxc1 Ne7 14. Ne3 Nc6 15.
O-O O-O-O 16. Nd2 Kb8 17. f4 f5 18. exf6 gxf6 19. Ng2 Re8 20. Rfe1 Nd8 21. Nf3
Bd6 22. Qd2 Qg7 23. Re2 Bd7 24. Rce1 Qh6 25. Ngh4 Rhg8 26. f5 Qxd2 27. Rxd2 Kc7
28. Rde2 exf5 29. Bxf5 Rxe2 30. Rxe2 Rg7 31. Kf2 Bc6 32. Bc2 Rf7 33. Nf5 Bf8
34. N3h4 b5 35. Ng2 a5 36. Nf4 b4 37. axb4 axb4 38. Re1 bxc3 39. bxc3 Bd6 40.
Kf3 Bxf4 41. Kxf4 Kd7 42. Nh6 Rg7 43. Bf5+ Kd6 44. Ng4 Rf7 45. h4 h5 46. Bg6
hxg4 47. Bxf7 Nxf7 48. Kxg4 Bd7+ 49. Kh5 Bf5 50. g4 Be4 51. g5 fxg5 52. hxg5
Nh8 53. Ra1 Kc6 54. Ra8 Bf3+ 55. Kh6 Nf7+ 56. Kg6 Nd6 57. Ra6+ Kd7 58. Kf6 Ne4+
59. Ke5 Nxg5 60. Kf4 Ne4 61. Kxf3 Nxc3 62. Kf4 Nb5 63. Ke5 Nc7 64. Rd6+ Ke7 65.
Rc6 Kd7 66. Rc5 1-0

[Event "Mukachevo Rating - 33"]
[Site "Mukachevo"]
[Date "2017.03.30"]
[Round "6.1"]
[White "Shkuran, Danylo"]
[Black "Boricsev, Oleg"]
[Result "1/2-1/2"]
[WhiteElo "2452"]
[BlackElo "2343"]
[PlyCount "42"]
[EventDate "2017.03.27"]
[EventType "tourn"]
[EventRounds "9"]
[EventCountry "UKR"]

1. e4 e5 2. Nf3 Nf6 3. Nxe5 d6 4. Nf3 Nxe4 5. Qe2 Qe7 6. d3 Nf6 7. Qxe7+ Bxe7
8. Be2 O-O 9. O-O Bg4 10. h3 Bh5 11. Re1 Re8 12. Nc3 c6 13. Bf4 Nbd7 14. Nd2
Bxe2 15. Rxe2 Bf8 16. Kf1 Rxe2 17. Kxe2 Re8+ 18. Kf1 d5 19. a3 h6 20. Re1 Rxe1+
21. Kxe1 Bc5 1/2-1/2

[Event "Mukachevo Rating - 33"]
[Site "Mukachevo"]
[Date "2017.03.30"]
[Round "6.2"]
[White "Sevostianov, Pavel"]
[Black "Vachylya, Andriy"]
[Result "1/2-1/2"]
[WhiteElo "2248"]
[BlackElo "2231"]
[PlyCount "83"]
[EventDate "2017.03.27"]
[EventType "tourn"]
[EventRounds "9"]
[EventCountry "UKR"]

1. d4 Nf6 2. c4 g6 3. Nc3 Bg7 4. e4 d6 5. f3 O-O 6. Bg5 c5 7. d5 e6 8. Qd2 exd5
9. cxd5 a6 10. a4 Qa5 11. Nge2 b5 12. Ng3 Re8 13. Be2 h5 14. O-O b4 15. Nd1 Nh7
16. Bh4 c4 17. Rc1 Qxa4 18. Bxc4 a5 19. f4 Ba6 20. Ne3 Qd7 21. Kh1 Nf6 22. e5
dxe5 23. fxe5 Nh7 24. d6 Bxc4 25. Nxc4 Qg4 26. Qd5 Ra7 27. Be7 Qe6 28. Qxe6
fxe6 29. Ne4 Nd7 30. Nf6+ Bxf6 31. exf6 Kf7 32. Nd2 Rea8 33. Rc4 e5 34. Ne4 Ke6
35. Rd1 Nhxf6 36. Bxf6 Nxf6 37. Nc5+ Kf7 38. Rf1 Kg7 39. Ne6+ Kf7 40. Ng5+ Kg7
41. Ne6+ Kf7 42. Ng5+ 1/2-1/2